000 00351nam a2200157Ia 4500
003 0STCL
008 150530s9999 xx 000 0 und d
040 _aSTCL
_cSTCL
100 _aRichards,J.A.; Ed
245 _aOutline of Knowledge vol-15
260 _c1924
546 _aEnglish
942 _2ddc
_cBK
999 _c68978
_d68978
005 20220125171409.0